| 000 | 00571nam a2200217 a 4500 | ||
|---|---|---|---|
| 001 | BRCA_7432 | ||
| 005 | 20190320205832.0 | ||
| 008 | 050413s1938----mx-a######---#000-0#spa-# | ||
| 041 | _aspa | ||
| 044 | _amx | ||
| 050 | 4 |
_aZ210 _b.I38 1938 |
|
| 100 | 1 |
_aIguiniz, Juan B. _95568 |
|
| 245 | 1 | 0 |
_aLa imprenta en la Nueva España _cJuan B. Iguiniz. |
| 260 |
_aMéxico _bPorrúa _c1938 |
||
| 300 |
_a61 p. _bil. |
||
| 440 | 0 |
_aEnciclopedia Ilustrada Mexicana _v8 _912018 |
|
| 500 | _aQ175 | ||
| 650 | 1 | 4 |
_aImprenta _xHistoria _zMéxico _95745 |
| 902 | _aGFM | ||
| 942 |
_2lcc _cB |
||
| 999 |
_c7108 _d7108 |
||